<?xml version="1.0" encoding="UTF-8"?>
<collection xmlns="http://www.loc.gov/MARC21/slim">
 <record>
  <leader>02075naa a2200253 i 4500</leader>
  <controlfield tag="001">acta67121</controlfield>
  <controlfield tag="005">20211125130911.0</controlfield>
  <controlfield tag="008">200521s2014    hu      o     0||   hun d</controlfield>
  <datafield tag="020" ind1=" " ind2=" ">
   <subfield code="a">978-963-306-257-9</subfield>
  </datafield>
  <datafield tag="022" ind1=" " ind2=" ">
   <subfield code="a">2064-4825</subfield>
  </datafield>
  <datafield tag="040" ind1=" " ind2=" ">
   <subfield code="a">SZTE Egyetemi Kiadványok Repozitórium</subfield>
   <subfield code="b">hun</subfield>
  </datafield>
  <datafield tag="041" ind1=" " ind2=" ">
   <subfield code="a">hun</subfield>
  </datafield>
  <datafield tag="100" ind1="1" ind2=" ">
   <subfield code="a">Gyöngyössy Orsolya</subfield>
  </datafield>
  <datafield tag="245" ind1="1" ind2="0">
   <subfield code="a">Vallásos társulatok - társadalmi folyamatok </subfield>
   <subfield code="h">[elektronikus dokumentum] :</subfield>
   <subfield code="b">a társulati élet változó dinamikája Csongrádon a 19. században /</subfield>
   <subfield code="c"> Gyöngyössy Orsolya</subfield>
  </datafield>
  <datafield tag="260" ind1=" " ind2=" ">
   <subfield code="c">2014</subfield>
  </datafield>
  <datafield tag="300" ind1=" " ind2=" ">
   <subfield code="a">31-48</subfield>
  </datafield>
  <datafield tag="490" ind1="0" ind2=" ">
   <subfield code="a">A vallási kultúrakutatás könyvei</subfield>
  </datafield>
  <datafield tag="490" ind1="0" ind2=" ">
   <subfield code="a">Vallás, egyén, társadalom</subfield>
  </datafield>
  <datafield tag="520" ind1="3" ind2=" ">
   <subfield code="a">Antal Hegyi, the most impressive parish priest of the 19th century Csongrád (Hungary, 1886-1902) reorganized the whole structure of church life in the little Roman Catholic town. He thought that confraternities are the perfect „tools” to deepen the faith of believers and strenghten his own societal basis in the same time. So he established new religious brotherhoods and renewed the older ones. He made significant efforts to place them under his strict direction and kept his chaplains from communal leader functions away. The only thing which ewoked hard opposition within the church community was the political ambition of the priest. Antal Hegyi behaved like a citizen and knew his political rights pretty clear. His ideology was radically new, comparing to his predecessors in Csongrád; so its nothing to wonder why his judgment divided the group of believers. In this paper I intend to analyze the organization methods of Antal Hegyi, the parish priest of Csongrád at the end of the 19th century.</subfield>
  </datafield>
  <datafield tag="650" ind1=" " ind2="4">
   <subfield code="a">Bölcsészettudományok</subfield>
  </datafield>
  <datafield tag="650" ind1=" " ind2="4">
   <subfield code="a">Filozófia, etika és vallástudományok</subfield>
  </datafield>
  <datafield tag="695" ind1=" " ind2=" ">
   <subfield code="a">Vallási társulatok, Katolikus egyház - Csongrád város - 19. sz., Csongrád - egyháztörténet, Hegyi Antal</subfield>
  </datafield>
  <datafield tag="710" ind1=" " ind2=" ">
   <subfield code="a">Vallás, egyén, társadalom (2013) (Szeged)</subfield>
  </datafield>
  <datafield tag="856" ind1="4" ind2="0">
   <subfield code="u">http://acta.bibl.u-szeged.hu/67121/1/vallasi_kulturakutatas_konyvei_007_031-048.pdf</subfield>
   <subfield code="z">Dokumentum-elérés </subfield>
  </datafield>
 </record>
</collection>
